[Event "Philip Hogarty Memorial GM 2019"]
[Site "Stillorgan"]
[Date "2019.01.06"]
[Round "8"]
[White "Astaneh Lopez, Alex"]
[Black "Fitzsimons, David"]
[Result "1-0"]
[WhiteElo "2427"]
[BlackElo "2301"]
[Annotator "TA"]
[PlyCount "105"]
[EventDate "2019.01.02"]
[EventType "tourn"]
[EventCountry "IRL"]
[SourceTitle "playchess.com"]
[Source "ChessBase"]
[SourceQuality "1"]

{[%evp 19,105,-29,-7,-10,6,0,-3,5,0,0,45,4,24,20,32,23,35,22,21,0,4,0,6,1,9,8,11,10,11,10,10,-23,-29,-29,31,-63,-63,-64,-58,-58,-37,-39,0,0,0,-964,75,-900,52,62,62,0,15,2,18,-59,97,62,90,83,122,119,188,181,183,101,295,228,267,199,295,295,488,264,264,264,264,233,29999,228,270,120,136,-873,29989,-33,2665,-926]} 1. Nf3 d5 2. e3 Nf6 3. c4 e6 4. d4 b6 5. Nc3 Bd6 6. Bd3 Bb7 7. O-O O-O 8. cxd5 exd5 9. Ne5 {E14: Queen's Indian: Classical Variation (4 e3)} c5 10. Nb5 Be7 {LiveBook: 3 Games} 11. b3 {The position is equal.} Nc6 12. Bb2 a6 13. Nxc6 $146 ({Predecessor:} 13. Nc3 cxd4 14. exd4 Nxd4 15. Bxh7+ Nxh7 16. Qxd4 {0-1 (52) Zabotin,A (2473)-Lysyj,I (2643) Sochi 2017}) 13... Bxc6 14. Na3 a5 15. Nb5 Qd7 16. a4 Rfc8 17. Rc1 Qe6 18. Qf3 Ne4 19. Qe2 (19. dxc5 {looks sharper.} bxc5 20. Rfd1 Bxb5 21. Bxb5 Bf6 22. Bxf6 Nxf6 23. Qe2) 19... Bf6 20. dxc5 Bxb2 21. Qxb2 {[#] Strongly threatening Nd4.} Bxb5 22. Bxb5 {aiming for c6.} bxc5 23. Rfd1 Rab8 24. Qe2 Nd6 25. Rc2 Nxb5 26. axb5 Qb6 (26... g6 $11) 27. Rdd2 ({Better is} 27. Rxd5 $14 Qxb5 28. Qxb5 Rxb5 29. Kf1) 27... Qxb5 $15 28. Qxb5 Rxb5 29. Rxd5 {[%mdl 4096] Endgame KRR-KRR} Kf8 {Hoping for ...a4.} 30. Kf1 Ke7 31. Rc3 Ke6 32. Ke2 $2 {[%mdl 8192]} (32. Rh5 $11) 32... Rb4 $2 (32... Kxd5 $19 33. e4+ {[%mdl 64] Decoy} Kxe4 34. Re3+ Kd5) 33. e4 $2 {[%mdl 8192]} (33. Rdxc5 $16 Rxc5 34. Rxc5) 33... Rb5 $2 (33... Rxe4+ $19 34. Kd2 Kxd5) 34. f3 $14 g6 35. Kd2 (35. g4 $14) 35... Rb4 36. g4 {[%cal Bg2g4,Bg4g5][%mdl 32]} Rcb8 37. Ke3 (37. Rdxc5 $11 Rxb3 38. Rxa5) 37... c4 $2 (37... Rxb3 $15 {stays ahead.} 38. Rdxc5 a4 39. Rc6+ Ke7) 38. Rxc4 Rxb3+ 39. Kf4 Ke7 40. Rc7+ Ke6 (40... Kf6 $16 41. Rxa5 R8b7 42. g5+ Kg7) 41. g5 $18 R8b7 42. Rc8 (42. Rc6+ $18 Ke7 43. Rxa5) 42... Ke7 $2 (42... f5 $16) 43. Rxa5 Rb2 44. h3 Rh2 (44... f6 {was worth a try.} 45. h4 Kd7) 45. Kg3 Rbb2 $2 (45... Rhb2 46. Rh8 R7b5 47. Rxb5 Rxb5) 46. Ra3 (46. Rc7+ $142 Ke6 47. Ra6+ Ke5 48. Rxf7) 46... Rbg2+ 47. Kf4 {Threatening mate with Ra7+.} Rxh3 48. Ra7+ Ke6 $2 (48... Kd6 $18 49. Rc3 (49. Rxf7 Rh4+ 50. Ke3 Rxg5 $16) 49... Rh4+ 50. Ke3 Rb2) 49. Ra6+ $2 (49. Rc6#) 49... Ke7 50. Rb6 (50. Rc7+ $18 {has better winning chances.} Kf8 51. Ra8+ Kg7 52. Raa7 Rh4+ 53. Ke3) 50... Rd2 51. Rd8 $2 {[%mdl 8192]} (51. Rbb8 $16 Rd7 52. Ra8) 51... Rd3 $4 {[%mdl 8192] [#]} (51... Rxd8 $19 52. Rb7+ Ke6) 52. Kg4 $2 (52. Rxd3 {mates} Rh4+ 53. Ke5 h6 54. Rb7+ Kf8 55. Rd8+ Kg7 56. Rbb8 Rxe4+ 57. fxe4 hxg5 58. Rg8+ Kh6 59. Rh8+ Kg7 60. Rbg8#) 52... Rh1 $2 {[%mdl 8192]} (52... Rhxf3 $15 53. Rxd3 Rxd3) 53. Kf4 $4 {[%mdl 40960] Accuracy: White = 20%, Black = 30%. . Sensor Board Error (Ke4/e5)?} (53. Rxd3 $18 h5+ 54. Kf4) 1-0

[Event "Philip Hogarty Memorial GM 2019"]
[Site "Stillorgan"]
[Date "2019.01.06"]
[Round "8"]
[White "Daly, Colm"]
[Black "Quinn, Mark"]
[Result "1/2-1/2"]
[WhiteElo "2282"]
[BlackElo "2386"]
[Annotator "TA"]
[PlyCount "167"]
[EventDate "2019.01.02"]
[EventType "tourn"]
[EventCountry "IRL"]
[SourceTitle "playchess.com"]
[Source "ChessBase"]
[SourceQuality "1"]

{[%evp 11,167,0,16,-8,4,-13,27,29,26,16,68,75,62,47,44,47,44,46,42,38,42,42,61,41,60,64,69,73,118,122,141,128,147,145,184,165,258,194,233,138,221,113,118,118,121,70,113,79,84,69,79,22,37,0,0,0,0,0,0,0,1,0,0,1,103,0,0,0,0,0,0,0,0,0,0,0,8,8,8,0,0,0,8,7,7,5,8,0,0,0,0,0,0,0,0,0,5,5,5,8,11,11,12,12,12,8,8,8,8,8,12,12,12,12,12,12,24,0,0,0,12,12,861,4566,1462,0,171,0,12,12,17,24,152,152,148,141,141,141,141,12,12,4,11,12,12,0,0,0,0,-8,-8,-8,-8,-8,-8,-8,0,0]} 1. Nf3 c5 2. g3 Nc6 3. Bg2 g6 4. O-O Bg7 5. d3 e6 6. c3 {A04: Unusual lines after 1 Nf3 and King's Indian Attack} d5 {LiveBook: 23 Games} 7. a3 Nge7 8. b4 cxb4 9. axb4 O-O 10. b5 Ne5 $146 (10... Na5 $11) ({Predecessor:} 10... Na5 11. Ba3 b6 12. Bb4 Bd7 13. Na3 a6 14. bxa6 {½-½ (55) Jankovic,A (2557)-Brkic,A (2588) Porec 2016}) 11. Nxe5 $14 Bxe5 12. d4 Bg7 13. Ba3 Re8 14. Nd2 Bd7 15. Qb3 a6 16. bxa6 bxa6 17. Bc5 Rb8 18. Qa2 Bb5 19. Rfe1 $1 f5 20. e3 Nc8 21. c4 dxc4 22. Nxc4 h5 23. h4 g5 (23... Qd7 {was necessary.} 24. Reb1 Kh7) 24. hxg5 Qxg5 25. Nd2 (25. Na3 $18) 25... Qd8 (25... Nb6 $16 26. Rec1 Qd8) 26. Nf3 (26. e4 $1 $18) 26... Nd6 $16 27. Bxd6 Qxd6 28. Bf1 ({White should try} 28. Rac1 $16) 28... Rb6 29. Bxb5 axb5 30. Qe2 {Ng5 is the strong threat.} Qe7 31. Kg2 (31. Ra5 $16) 31... b4 {[%cal Bb5b4,Bb4b3,Bb3b2][%mdl 32]} 32. Rh1 b3 33. Rxh5 b2 34. Rb1 Qb7 35. Rhh1 Rc8 36. Rhd1 Bf8 $1 {[#]} 37. d5 $1 {[%mdl 512]} exd5 (37... Bg7 $11) 38. Qd3 (38. Nd4 $1 $16) 38... Bg7 $11 39. Qxf5 Rf8 40. Qxd5+ Qxd5 41. Rxd5 Rbf6 42. Rxb2 Rxf3 43. Re2 R8f5 (43... R8f6 {is more complex.} 44. e4 Rb3 45. Rg5 Kh7 46. f4 Rg6) 44. Rxf5 Rxf5 {[%mdl 4096] Endgame KRB-KR} 45. g4 Ra5 46. f4 Kf7 47. Kf3 Ra3 48. Rd2 Ke6 49. Kf2 Rc3 50. Ra2 Bf8 51. Ra6+ Kf7 52. Ra4 Bc5 53. Re4 Rc2+ 54. Kf3 Rc3 55. g5 Ra3 56. f5 Ra1 57. Re5 Rc1 58. Re6 Rf1+ 59. Ke4 Re1 60. Kd3 Rg1 61. g6+ Kg7 62. e4 Rd1+ 63. Kc4 Ba3 64. Ra6 Bb2 65. Ra7+ Kg8 66. Re7 {Strongly threatening e5.} Rd4+ $2 {[%mdl 8192]} (66... Rf1 $11) 67. Kb3 $18 Rd2 68. Kc4 $2 (68. e5 $18) 68... Kf8 $2 {[#]} (68... Rd4+ $11 {and Black has nothing to worry.} 69. Kb3 Rd2) 69. Re6 $2 (69. f6 $1 $18 {[%mdl 512] g7+ would kill now.} Bxf6 70. Rf7+ {[%mdl 64] Double Attack} Kg8 71. Rxf6) 69... Rf2 70. Rb6 Ba1 71. Ra6 Bg7 (71... Rf1 $1 $11) 72. Kd5 $16 {[%mdl 1024] White has strong compensation.} Bc3 73. Ra3 Bb2 74. Ra2 {Hoping for e5.} Kg7 {[#]} 75. Ke6 (75. Kc4 $1 $16) 75... Re2 $11 {The position is equal.} 76. Ra7+ Kh6 77. Ra4 Kg7 78. Ra7+ Kh6 79. Kf7 {aiming for Ra6.} Rxe4 80. Ra2 Rb4 81. Ra6 $132 {[%mdl 2048] White has counterplay} Rb7+ 82. Ke6 Kg7 83. Rd6 Bf6 84. Rd7+ {Accuracy: White = 60%, Black = 52%.} 1/2-1/2

[Event "Philip Hogarty Memorial GM 2019"]
[Site "Stillorgan"]
[Date "2019.01.06"]
[Round "9"]
[White "Maksimenko, Andrei"]
[Black "Daly, Colm"]
[Result "1/2-1/2"]
[WhiteElo "2484"]
[BlackElo "2282"]
[Annotator "TA"]
[PlyCount "42"]
[EventDate "2019.01.02"]
[EventType "tourn"]
[EventCountry "IRL"]
[SourceTitle "playchess.com"]
[Source "ChessBase"]
[SourceQuality "1"]

{[%evp 18,42,53,43,73,39,95,52,88,64,45,50,48,44,44,25,28,15,16,0,15,0,6,0,0,0,0]} 1. d4 Nf6 2. c4 e6 3. Nf3 Bb4+ 4. Nbd2 d5 5. Qa4+ Nc6 6. a3 Bxd2+ 7. Bxd2 O-O 8. e3 Ne4 9. Qc2 Nxd2 {E11: Bogo-Indian} 10. Qxd2 {LiveBook: 18 Games} Qe7 11. Rc1 $146 ({Predecessor:} 11. Qc3 Re8 12. cxd5 exd5 13. Bb5 Bd7 14. O-O Ne5 15. Nxe5 Bxb5 16. Rfc1 c6 17. a4 Be2 {½-½ (17) Radovanovic,N (2415)-Nikolic,P (2606) Kragujevac 2015}) 11... Rd8 (11... dxc4 $14 12. Rxc4 (12. Bxc4 e5 $14) 12... e5) 12. Qc3 a5 13. Be2 Bd7 14. O-O a4 15. Rfd1 Rdc8 16. Nd2 Na5 17. Bf3 c6 {The position is equal.} 18. c5 Rcb8 19. Qc2 b5 20. cxb6 Rxb6 21. Rb1 Nb3 {Accuracy: White = 35%, Black = 45%.} 1/2-1/2

[Event "Philip Hogarty Memorial GM 2019"]
[Site "Stillorgan"]
[Date "2019.01.06"]
[Round "9"]
[White "Quinn, Mark"]
[Black "Astaneh Lopez, Alex"]
[Result "1/2-1/2"]
[WhiteElo "2386"]
[BlackElo "2427"]
[Annotator "TA"]
[PlyCount "18"]
[EventDate "2019.01.02"]
[EventType "tourn"]
[EventCountry "IRL"]
[SourceTitle "playchess.com"]
[Source "ChessBase"]
[SourceQuality "1"]

{[%evp 11,18,7,10,-15,-10,-25,-25,-49,-41]} 1. c4 c6 2. Nf3 d5 3. e3 Nf6 4. Nc3 a6 5. b3 Bf5 (5... Bg4 6. Be2 Bxf3 7. Bxf3 e5 8. d3 Bb4 9. Bd2 d4 10. Ne2 Bxd2+ 11. Qxd2 dxe3 12. Qxe3 O-O 13. O-O Re8 {0-1 (69) Short,N (2678)-Laznicka,V (2647) Riadh 2017}) 6. Bb2 {A11: English Opening: 1...c6} h6 {LiveBook: 10 Games} 7. cxd5 cxd5 8. Nd4 $146 ({Predecessor:} 8. Be2 Nc6 9. d4 e6 10. a3 Be7 11. O-O O-O {0-1 (52) Mavroudis,D (1650)-Kalofonos,P (1770) Petroupoli 2011}) 8... Bh7 9. f4 e6 1/2-1/2

[Event "Philip Hogarty Memorial GM 2019"]
[Site "Stillorgan"]
[Date "2019.01.06"]
[Round "9"]
[White "Lane, Gary W"]
[Black "Collins, Sam E."]
[Result "1/2-1/2"]
[WhiteElo "2358"]
[BlackElo "2428"]
[Annotator "TA"]
[PlyCount "97"]
[EventDate "2019.01.02"]
[EventType "tourn"]
[EventCountry "IRL"]
[SourceTitle "playchess.com"]
[Source "ChessBase"]
[SourceQuality "1"]

{[%evp 31,97,-7,-22,-25,-22,-22,-12,-16,-18,-25,-8,-9,0,-9,-5,0,-6,-28,-18,-31,0,0,18,20,118,79,73,51,68,0,0,0,0,0,0,0,0,0,0,0,0,0,36,0,0,0,0,0,0,0,0,0,216,262,265,259,247,34,29978,29982,29975,29976,29972,0,0,0,29962,0]} 1. e4 e5 2. Nf3 Nc6 3. Bb5 a6 4. Ba4 Nf6 5. O-O Be7 6. Re1 b5 7. Bb3 d6 8. c3 O-O 9. d4 {[%cal Bd2d4,Bd4d5][%mdl 32]} Bg4 10. d5 Na5 11. Bc2 Qc8 12. h3 Bd7 13. Nbd2 c6 14. dxc6 Qxc6 15. Nf1 Rfc8 {C91: Closed Ruy Lopez: 7...d6 8 c3 0-0 9 d4} 16. Ne3 Nc4 {[#] LiveBook: 3 Games} 17. Nh4 $146 ({Predecessor:} 17. Nf5 Bxf5 18. exf5 h6 19. a4 Bd8 20. b3 Nb6 21. axb5 axb5 22. Rxa8 Rxa8 23. Bb2 {½-½ (80) Perunovic,M (2622)-Karjakin,S (2762) Berlin 2015}) 17... g6 {Black has an edge.} 18. Nf3 a5 19. a4 Nxe3 20. Rxe3 b4 21. Bb3 Qb7 22. cxb4 Qxb4 23. Bd2 Qb7 24. Qe1 Bd8 25. Rd3 Ra6 26. Rc1 Rxc1 (26... Nxe4 $2 27. Bd5 $18) 27. Bxc1 Bb6 (27... Be7 $11 {keeps the balance.}) 28. Ng5 Be8 {Threatening ...h6.} 29. Bc4 h6 30. Nxf7 (30. Qe2 $14 Bd8 31. Bxa6 Qxa6 32. Nf3) 30... Bxf7 $11 31. Bxa6 Qxa6 32. Rf3 Kg7 {[#]} 33. Bxh6+ $1 {[%mdl 512]} Kxh6 34. Rxf6 Kg7 35. Rf3 Qc4 36. Qd2 Bc5 37. Qg5 Qe6 $1 38. h4 d5 $1 {[%cal Rd5e4]} 39. exd5 Qxd5 40. Qf6+ Kg8 41. h5 $36 {[%mdl 2048] White has some pressure.} gxh5 $2 {[#]} (41... e4 $11 42. h6 Qd1+ {[%mdl 64] Double Attack} 43. Kh2 Qd6+ 44. Kg1 Qxf6 45. Rxf6 e3 46. h7+ Kh8 47. fxe3 Bb3) 42. Rf5 $1 $18 {[%cal Rf5g5] Strongly threatening Rg5+.} Bf8 43. g3 ({But not} 43. Qxe5 $2 Qd1+ 44. Kh2 Bd6 $19) 43... h4 44. gxh4 $2 (44. Rg5+ $18 Kh7 45. Rxe5 Qd1+ 46. Kg2) 44... Bd6 $2 {[%mdl 8192]} (44... Qd1+ $14 45. Kh2 Qd7 46. Rg5+ (46. Qxe5 $2 Bd6 $19) 46... Kh7) 45. Rg5+ Kf8 46. Qd8+ Be8 47. Qf6+ $2 (47. Rf5+ Kg7 48. Qxe8 Qd1+ 49. Kh2 e4+ 50. Kh3 Qd3+ 51. Kg2 Qf3+ 52. Rxf3 exf3+ 53. Kxf3) 47... Bf7 $11 48. Qd8+ $4 {[%mdl 8192]} (48. b4 $11 Ke8 49. bxa5) 48... Be8 {intending ...Qd1+.} 49. Qf6+ $2 {Accuracy: White = 58%, Black = 52%.} (49. Rf5+ {mates} Kg7 50. Qxe8 Qd1+ 51. Kh2 e4+ 52. Kh3 Qd3+ 53. Kg4 Qe2+ 54. f3) 1/2-1/2

[Event "Philip Hogarty Memorial GM 2019"]
[Site "Stillorgan"]
[Date "2019.01.06"]
[Round "9"]
[White "O`Donnell, Conor"]
[Black "Glek, Igor"]
[Result "0-1"]
[WhiteElo "2358"]
[BlackElo "2453"]
[Annotator "TA"]
[PlyCount "72"]
[EventDate "2019.01.02"]
[EventType "tourn"]
[EventCountry "IRL"]
[SourceTitle "playchess.com"]
[Source "ChessBase"]
[SourceQuality "1"]

{[%evp 12,72,20,2,22,0,0,-24,-25,-24,-20,-31,-33,-26,-31,-18,-19,-50,-10,-101,-65,-113,-102,-145,-131,-137,-77,-137,-213,-144,-145,-145,-133,-136,-147,-144,-135,-140,-134,-130,-125,-137,-134,-158,-147,-161,-150,-154,-140,-206,-203,-193,-192,-237,-229,-266,-264,-381,-362,-370,-360,-534,-536]} 1. d4 e6 2. c4 Bb4+ 3. Bd2 a5 4. Nc3 d5 5. e3 Nf6 6. Nf3 O-O 7. Rc1 {LiveBook: 5 Games. E11: Bogo-Indian} (7. Qc2 b6 8. cxd5 exd5 9. a3 Be7 10. Bd3 Re8 11. O-O Bf8 12. e4 dxe4 13. Nxe4 Nbd7 14. Neg5 Bd6 15. Bc4 Re7 16. Nxf7 Rxf7 17. Bxf7+ Kh8 18. Rfe1 Bb7 19. Ng5 Qf8 20. Be6 Bd5 21. Bxd5 {1-0 (21) Bacrot,E (2695)-Van Wely,L (2695) chess.com INT 2017}) 7... Nbd7 8. cxd5 $146 ({Predecessor:} 8. Bd3 Re8 9. O-O c6 10. Qc2 h6 11. Rfd1 e5 12. dxe5 Nxe5 13. Nxe5 Rxe5 14. a3 Bd6 15. cxd5 {½-½ (15) Orso,M (2285)-Jamrich,G (2227) Hungary 2015}) 8... exd5 9. Bd3 {The position is equal.} c6 10. O-O Re8 11. h3 Ne4 12. Be1 f5 13. Ne2 Bd6 14. Nd2 Nf8 15. f3 (15. a3 $11) 15... Ng5 $1 $17 16. Bf2 Nxh3+ $1 17. gxh3 Qg5+ 18. Kh1 {[#] Threatens to win with f4.} Qh5 (18... Qh6 $142 $1 {[%cal Rh6h3]} 19. h4 Rxe3) 19. f4 (19. h4 $142 Rxe3 20. Rc3) 19... Qxh3+ 20. Kg1 Rxe3 21. Bxe3 Qxe3+ {[%mdl 64] Double Attack} 22. Rf2 {Bb1 is the strong threat.} Qxd3 23. Rc3 Qa6 24. Nf3 Qb6 25. Rb3 Qc7 26. Ne5 Nd7 {[%cal Bf8d7,Bd7f6,Bf6g4][%mdl 32]} 27. Ng3 Nf6 ({Stronger than} 27... Bxe5 28. fxe5 Nf8 29. Nxf5 $11) 28. Nh5 {Strongly threatening Nxf6+.} Bxe5 29. fxe5 {[#]} Ng4 $1 30. Rc2 (30. Rg2 $17) 30... Qf7 $19 31. Rh3 Bd7 32. Rg2 Re8 {[%cal Ba8e8,Be8e5,Be5e4][%mdl 32]} 33. a4 {[#]} c5 $1 34. Nf4 (34. Re2 $142) (34. dxc5 Rxe5) 34... cxd4 35. Qxd4 Rxe5 {[%cal Re5e1]} 36. Nd3 (36. Re2 {was worth a try.} Rxe2 37. Nxe2) 36... Re4 {Accuracy: White = 42%, Black = 75%.} 0-1

[Event "Philip Hogarty Memorial GM 2019"]
[Site "Stillorgan"]
[Date "2019.01.06"]
[Round "9"]
[White "Fitzsimons, David"]
[Black "Fernandez, Daniel Howard"]
[Result "1/2-1/2"]
[WhiteElo "2301"]
[BlackElo "2465"]
[Annotator "TA"]
[PlyCount "82"]
[EventDate "2019.01.02"]
[EventType "tourn"]
[EventCountry "IRL"]
[SourceTitle "playchess.com"]
[Source "ChessBase"]
[SourceQuality "1"]

{[%evp 21,82,31,56,15,22,5,16,17,27,25,33,8,0,0,9,0,0,-6,0,0,0,0,0,-11,0,-23,-21,-22,-22,-26,-12,-16,-23,-22,-8,-18,-12,-52,-20,-27,-29,-45,0,-34,0,-49,0,-45,0,-49,-6,-25,0,0,0,0,0,-8,-8,-8,8,0,-2]} 1. e4 c6 2. d4 d5 3. Nc3 dxe4 4. Nxe4 Nf6 5. Nxf6+ exf6 6. c3 Bd6 7. Bd3 O-O 8. Qc2 Re8+ {B15: Caro-Kann: 3 Nc3: 3...g6 and 3...dxe4 4 Nxe4 Nf6 5 Nxf6+ exf6} 9. Ne2 (9. Be3 h5 10. O-O-O Qa5 11. Kb1 Be6 12. c4 Na6 13. Bd2 Nb4 14. Qb3 b5 15. Bxb4 Bxb4 16. Qc2 bxc4 17. Bxc4 Bxc4 18. Qxc4 {0-1 (47) Stevic,H (2589)-Cheparinov,I (2711) Zagreb 2018}) 9... h5 10. O-O h4 11. h3 Nd7 {LiveBook: 15 Games} 12. Bf4 Nf8 {[#] Hoping for ...Rxe2!} 13. Qd2 Qc7 $146 {White must now prevent ...Rxe2!} ({Predecessor:} 13... Ng6 14. Bxd6 Qxd6 15. Rfe1 Bd7 16. Rad1 {½-½ (87) Khodashenas,M (2452)-Annaberdiyev,B (2214) Mersin 2018}) 14. Bxd6 Qxd6 15. Rfe1 Bd7 16. Qf4 Qxf4 17. Nxf4 g6 18. Kf1 Kg7 19. Rxe8 Rxe8 20. Re1 Ne6 21. Nxe6+ Bxe6 $11 {[%mdl 4096] Endgame KRB-KRB} 22. a3 a5 23. b4 axb4 24. axb4 Ra8 25. b5 Ra3 26. bxc6 bxc6 27. Rc1 $1 f5 28. f3 Kf6 29. Kf2 g5 30. Rc2 Bb3 31. Re2 Be6 (31... c5 $5) 32. Rc2 Bb3 33. Re2 Be6 (33... c5 $5) 34. Rc2 Bb3 35. Re2 Bd5 (35... c5 $5) 36. Rc2 g4 37. fxg4 {The position is equal.} fxg4 38. hxg4 Kg5 39. Be2 Be4 40. Rc1 $1 Bd5 41. Rc2 Kf4 {Accuracy: White = 41%, Black = 34%.} 1/2-1/2